000
00282nam a2200109Ia 4500
008
220204s9999 xx 000 0 und d
082
_a
065
_b
SKI
100
_a
Skinner, Wickham
245
0
_a
Manufacture in the corporate strategy
260
_a
New York
_b
John Wiley
_c
1978
942
_c
BK
999
_c
29868
_d
29868